[Event "Team Championship of Russia (rapid)"]
[Site "Sochi"]
[Date "2015.05.09"]
[Round "9.35"]
[White "Payanidi, Janis"]
[Black "Alikulov, Elbek"]
[Result "0-1"]
[LiveChessVersion "1.4.4"]
[BlackElo "2357"]
[WhiteElo "2404"]
[BlackTeam "Academy Glek"]

1. e4 {[%clk 0:15:18]} c5 {[%clk 0:15:16]} 2. Nf3 {[%clk 0:15:26]} d6
{[%clk 0:15:23]} 3. d4 {[%clk 0:15:35]} cxd4 {[%clk 0:15:31]} 4. Nxd4
{[%clk 0:15:43]} Nf6 {[%clk 0:15:39]} 5. Nc3 {[%clk 0:15:51]} a6 {[%clk 0:15:47]}
6. f3 {[%clk 0:16:00]} e5 {[%clk 0:15:54]} 7. Nb3 {[%clk 0:16:09]} Be6
{[%clk 0:16:00]} 8. Be3 {[%clk 0:16:16]} Be7 {[%clk 0:16:09]} 9. Qd2
{[%clk 0:16:25]} O-O {[%clk 0:16:16]} 10. O-O-O {[%clk 0:16:29]} a5
{[%clk 0:16:24]} 11. Kb1 {[%clk 0:16:22]} Nbd7 {[%clk 0:16:21]} 12. g4
{[%clk 0:16:30]} Nb6 {[%clk 0:16:26]} 13. g5 {[%clk 0:16:07]} Nfd7
{[%clk 0:16:34]} 14. h4 {[%clk 0:15:53]} a4 {[%clk 0:13:36]} 15. Nc1
{[%clk 0:16:02]} f5 {[%clk 0:12:08]} 16. Nd5 {[%clk 0:15:07]} Nxd5
{[%clk 0:11:47]} 17. exd5 {[%clk 0:15:15]} Bf7 {[%clk 0:11:55]} 18. Qb4
{[%clk 0:14:40]} Bh5 {[%clk 0:11:36]} 19. Be2 {[%clk 0:14:49]} Qc7
{[%clk 0:11:16]} 20. f4 {[%clk 0:14:31]} Bxe2 {[%clk 0:10:25]} 21. Nxe2
{[%clk 0:14:40]} Rfc8 {[%clk 0:10:21]} 22. Rd2 {[%clk 0:13:04]} Bf8
{[%clk 0:09:34]} 23. Nc3 {[%clk 0:11:47]} Qc4 {[%clk 0:08:52]} 24. Qxc4
{[%clk 0:09:10]} Rxc4 {[%clk 0:09:00]} 25. fxe5 {[%clk 0:09:18]} dxe5
{[%clk 0:09:08]} 26. Ne2 {[%clk 0:07:30]} Bb4 {[%clk 0:09:09]} 27. c3
{[%clk 0:07:30]} Bd6 {[%clk 0:09:17]} 28. b3 {[%clk 0:06:49]} Re4
{[%clk 0:08:33]} 29. Bf2 {[%clk 0:06:26]} b5 {[%clk 0:08:38]} 30. Ng3
{[%clk 0:04:32]} Rf4 {[%clk 0:08:47]} 31. Rf1 {[%clk 0:03:56]} g6
{[%clk 0:08:51]} 32. h5 {[%clk 0:03:28]} Rc8 {[%clk 0:08:32]} 33. hxg6
{[%clk 0:03:28]} hxg6 {[%clk 0:08:40]} 34. Kc2 {[%clk 0:02:56]} Rg4
{[%clk 0:05:54]} 35. Rb1 {[%clk 0:01:24]} a3 {[%clk 0:05:21]} 36. Rh1
{[%clk 0:01:11]} Rxg5 {[%clk 0:05:17]} 37. Be1 {[%clk 0:01:17]} e4
{[%clk 0:05:18]} 38. Rdh2 {[%clk 0:01:23]} Be5 {[%clk 0:05:08]} 39. Rh7
{[%clk 0:01:13]} Nf8 {[%clk 0:04:47]} 40. R7h3 {[%clk 0:01:11]} Rc5
{[%clk 0:04:25]} 41. d6 {[%clk 0:00:24]} Bxd6 {[%clk 0:04:15]} 42. c4
{[%clk 0:00:30]} bxc4 {[%clk 0:03:56]} 43. Rh8+ {[%clk 0:00:37]} Kf7
{[%clk 0:04:03]} 44. Bb4 {[%clk 0:00:43]} cxb3+ {[%clk 0:04:05]} 0-1

[Event "Team Championship of Russia (rapid)"]
[Site "Sochi"]
[Date "2015.05.09"]
[Round "9.36"]
[White "Vdovin, Vadim"]
[Black "Kovalev, Egor"]
[Result "1/2-1/2"]
[LiveChessVersion "1.4.4"]
[BlackElo "2334"]
[WhiteElo "2175"]
[WhiteTeam "Academy Glek"]

1. e4 {[%clk 0:15:19]} c5 {[%clk 0:15:17]} 2. Nf3 {[%clk 0:15:28]} e6
{[%clk 0:15:26]} 3. d4 {[%clk 0:15:37]} cxd4 {[%clk 0:15:36]} 4. Nxd4
{[%clk 0:15:46]} Nf6 {[%clk 0:15:43]} 5. Nc3 {[%clk 0:15:54]} d6 {[%clk 0:15:52]}
6. Be2 {[%clk 0:15:53]} Be7 {[%clk 0:16:00]} 7. O-O {[%clk 0:16:01]} O-O
{[%clk 0:16:07]} 8. Be3 {[%clk 0:16:10]} Nc6 {[%clk 0:16:01]} 9. Kh1
{[%clk 0:16:13]} a6 {[%clk 0:15:57]} 10. f4 {[%clk 0:16:18]} Qc7 {[%clk 0:16:02]}
11. Qe1 {[%clk 0:16:27]} Nxd4 {[%clk 0:16:06]} 12. Bxd4 {[%clk 0:16:35]} b5
{[%clk 0:16:07]} 13. e5 {[%clk 0:16:44]} dxe5 {[%clk 0:15:48]} 14. Bxe5
{[%clk 0:16:52]} Qb6 {[%clk 0:15:50]} 15. Qh4 {[%clk 0:17:01]} Bb7
{[%clk 0:12:10]} 16. Bd3 {[%clk 0:17:09]} h6 {[%clk 0:12:16]} 17. Rae1
{[%clk 0:17:10]} Rae8 {[%clk 0:12:06]} 18. Qg3 {[%clk 0:15:05]} Nh5
{[%clk 0:12:00]} 19. Qh3 {[%clk 0:14:45]} Nf6 {[%clk 0:12:01]} 20. Re3
{[%clk 0:14:09]} Kh8 {[%clk 0:09:23]} 21. Rg3 {[%clk 0:13:47]} Rg8
{[%clk 0:08:39]} 22. Ne4 {[%clk 0:11:31]} Bxe4 {[%clk 0:08:41]} 23. Bxe4
{[%clk 0:11:40]} Rd8 {[%clk 0:08:29]} 24. Bd3 {[%clk 0:10:26]} Rd5
{[%clk 0:08:33]} 25. b3 {[%clk 0:09:20]} Qc5 {[%clk 0:08:30]} 26. Re1
{[%clk 0:05:07]} Qb4 {[%clk 0:08:22]} 27. Rge3 {[%clk 0:04:56]} Rf8
{[%clk 0:07:02]} 28. g4 {[%clk 0:02:36]} Rxe5 {[%clk 0:07:02]} 29. Rxe5
{[%clk 0:02:08]} Qxf4 {[%clk 0:07:10]} 30. R5e2 {[%clk 0:01:31]} Qxg4
{[%clk 0:06:56]} 31. Qf1 {[%clk 0:01:08]} Qd4 {[%clk 0:04:59]} 32. Rg2
{[%clk 0:00:56]} Rc8 {[%clk 0:04:44]} 33. Qe2 {[%clk 0:00:32]} Rc5
{[%clk 0:04:14]} 34. Reg1 {[%clk 0:00:26]} g5 {[%clk 0:04:22]} 35. Rf1
{[%clk 0:00:32]} Re5 {[%clk 0:04:01]} 36. Qf3 {[%clk 0:00:41]} Qd5
{[%clk 0:04:10]} 37. Qxd5 {[%clk 0:00:16]} Rxd5 {[%clk 0:04:19]} 38. Rgf2
{[%clk 0:00:13]} Kg7 {[%clk 0:04:26]} 39. h3 {[%clk 0:00:20]} Bd8
{[%clk 0:04:17]} 40. Kg2 {[%clk 0:00:29]} Rd7 {[%clk 0:04:26]} 41. a4
{[%clk 0:00:23]} Nd5 {[%clk 0:04:21]} 42. axb5 {[%clk 0:00:18]} Bb6
{[%clk 0:03:37]} 43. Re2 {[%clk 0:00:13]} axb5 {[%clk 0:03:12]} 44. Bxb5 Rc7 45.
Bd3 {[%clk 0:00:12]} Nf4+ {[%clk 0:03:18]} 46. Rxf4 {[%clk 0:00:21]} gxf4
{[%clk 0:03:27]} 47. Kf3 {[%clk 0:00:21]} Be3 {[%clk 0:02:42]} 48. Rg2+
{[%clk 0:00:19]} Kf6 {[%clk 0:02:23]} 49. b4 {[%clk 0:00:28]} Ke5
{[%clk 0:02:01]} 50. Rg7 {[%clk 0:00:16]} Kf6 {[%clk 0:01:09]} 51. Rh7
{[%clk 0:00:16]} Kg5 {[%clk 0:01:18]} 52. Rg7+ {[%clk 0:00:19]} Kf6
{[%clk 0:01:14]} 53. Rh7 {[%clk 0:00:28]} Kg5 {[%clk 0:01:23]} 54. Rg7+
{[%clk 0:00:38]} 1/2-1/2